|
|
|
|
| LEADER |
00000ny aa2200000n 44500 |
| 005 |
20110505105613.0 |
| 008 |
110505s2003 sp 000 0 spa d |
| 035 |
|
|
|a 5229
|
| 040 |
|
|
|a vLex
|
| 090 |
|
|
|c 2116
|d 2116
|
| 110 |
1 |
|
|a Marn̕ Lama, Carlos
|
| 245 |
1 |
|
|a Desarrollo y prc̀tica de la LOPD /
|c Carlos Marn̕ Lama, Jos ̌Mauro Vicente Hernǹdez
|h [Recurso electrn̤ico]
|
| 256 |
|
|
|a Servicio en ln̕ea.
|
| 260 |
|
|
|a Barcelona:
|b Planificacin̤ Jurd̕ica,
|c 2010.
|
| 300 |
|
|
|a 1 recurso electrn̤ico
|
| 506 |
1 |
|
|a Contenido solo disponible en los productos indicados
|d vLex Global
|d vLex Global (Academic Edition, excluding Law Schools)
|d vLex Global (U.S. Academic Edition, Law Schools)
|d vLex Global (U.S. Academic Edition, excluding Law Schools)
|d vLex Global (Academic Edition, Law Schools)
|
| 650 |
|
|
|a Proteccin̤ de datos
|2 Tesauro vLex
|
| 650 |
|
|
|a Proteccin̤ de datos de carc̀ter personal
|2 Tesauro vLex
|
| 650 |
|
|
|a Proteccin̤ de datos personales
|2 Tesauro vLex
|
| 700 |
1 |
|
|a Vicente Hernǹdez, Jos ̌Mauro
|
| 740 |
0 |
|
|a vLex Libros (Servicio en ln̕ea)
|
| 856 |
|
|
|u http://vlex.com/source/desarrollo-practica-lopd-5229
|z Acceso restringido
|
| 942 |
|
|
|c BOOK
|